| 000 | 00760nam a22002417a 4500 | ||
|---|---|---|---|
| 999 |
_c109329 _d109329 |
||
| 005 | 20200603112329.0 | ||
| 010 | _aA-794511 | ||
| 020 | _c85.00 | ||
| 035 | _aA-794511 | ||
| 037 | _bCen Lib/Ret | ||
| 082 |
_a844 _bا ک ب |
||
| 245 |
_aجدید اردو انشایہ / _cمرتب اکبر حمیدی |
||
| 246 |
_aJadeed urdu inshaiya / _bedited by Akbar Hamidi |
||
| 260 |
_aاسلاما باد _bاکادمی ادبیات پاکستان _c1991 ء |
||
| 270 | _bاسلاما باد | ||
| 300 |
_a208p. _c20cm(Hb) |
||
| 650 |
_aاردو ادب _x _z |
||
| 650 |
_aاردو مضامین _v |
||
| 650 | _aUrdu adab | ||
| 650 | _aUrdu Mazamin | ||
| 700 |
_aحمیدی، اکبر _9137369 |
||
| 942 |
_2ddc _cUR _h844 _mا ک ب |
||